1046 1712 1669 1574 1709 1792 1457 1864 1861 1246 1121 1240 1725 1380 1318 1212 1312 1055 1892 1477 1784 1489 1022 1261 1160 1207 1378 1439 1353 1916 1318 1035 1051 1613 1720 1542 1357 1743 1385 1262 1512 1826 1919 1994 1083 1942 1035 1033 1068 1029 1735 1290 1602 1472 1037 1532 1205 1440 1622 1394 1342 1107 1314 1465 1787 1169 1064 1614 1493 1654 1821 1080 1543 1149 1955 1871 1880 1675 1118 1575 1633 1426 1204 1365 1126 1228 1204 1973 1831 1913 1665 1081 1761 1739 1896 1784 1058 1227 1249 BCNSPRNW ULIB Ver.6.0+V

เปลี่ยนเป็นภาษาไทย

Change to English
 แสดงรายละเอียดบรรณานุกรม
  กลับหน้าหลัก

Brief Record : Get Marc (ISO 2709) : E-mail record : QR code < ปิดหน้าต่าง
LEADER : 00000nam 2200000uu 4500
001    13399111919
003     ULIB
008    110627s2552||||th 000 0 tha d
020    9786165210041
090    นว.^bม289ก 2552
100 0  มักเน
245 00 เกมร้ายกลรัก/^cมักเน
250    พิมพ์ครั้งที่ 1
260    กรุงเทพฯ :^bมธุรดา,^c2552
300    348 หน้า
710 1  มธุรดา
945    ^p249^l0^i026751
995    ทศพร
999 ^a ใช้งานได้ทุกระบบ
รายการนี้ยังไม่มีแท็ก
คุณยังไม่ได้ล็อกอิน คุณสามารถมีกิจกรรมร่วมกับเว็บไซต์ได้ แต่ต้องล็อกอินก่อน ::
  ล็อกอิน

รายการสื่อสารสนเทศ

ลำดับที่ ประเภท เลขเรียก/บาร์โค้ด สถานที่ สถานะ
- ไม่พบข้อมูล -

รายการใกล้เคียง
    ผู้แต่ง [มักเน]

BibComment


ยังไม่เคยถูกคอมเมนท์

คอมเมนท์ทรัพยากรรายการนี้
  คอมเมนท์: เกมร้ายกลรัก มักเน


 Copyright 2026. Bcnsprnw @Library